[Event "Ã˜stlandsserien 4E"]
[Site "Festsalen, Ã…sgÃ¥rd, Ã…s"]
[Date "1994.11.13"]
[Round "1.4"]
[White "Ã˜gaard, Henning"]
[Black "Gulliksen, Leif"]
[Result "1-0"]
[WhiteElo "779"]
[BlackElo "1316"]
[PlyCount "127"]
[EventDate "1994.11.13"]
[WhiteTeam "Ã…s 3"]
[BlackTeam "Stjernen 4"]

1. d4 d5 2. Nf3 Nf6 3. Bg5 e6 4. Nbd2 c5 5. c3 c4 6. e4 Be7 7. e5 Nfd7 8. Bxe7
Qxe7 9. b3 b5 10. a4 cxb3 11. Bxb5 b2 12. Ra2 a6 13. Bd3 Nc6 14. Rxb2 Qa3 15.
Qb3 Qxb3 16. Rxb3 Rb8 17. O-O O-O 18. Rfb1 Rxb3 19. Rxb3 Na5 20. Rb4 Nc6 21.
Rb2 Ndb8 22. c4 dxc4 23. Nxc4 Bd7 24. Rb7 Rd8 25. Bc2 a5 26. Rb2 Na6 27. Nd6
Nab4 28. Nb5 Rc8 29. Bd1 Ne7 30. Be2 Ned5 31. g3 g6 32. Nd6 Rc1+ 33. Kg2 Bxa4
34. Ng5 Bc6 35. f3 Rc2 36. Rxc2 Nxc2 37. Ndxf7 Nxd4 38. Nd8 Bd7 39. Kf2 Nxe2
40. Kxe2 Bb5+ 41. Kd2 a4 42. Ngxe6 Bc4 43. Nd4 a3 44. Nc2 a2 45. Na1 g5 46. Nb7
Kf7 $2 47. Nd6+ Ke6 48. Nxc4 h5 49. h4 gxh4 50. gxh4 Kf5 51. Ne3+ Kxe5 52. Nxd5
Kxd5 53. Ke3 Kc4 54. f4 Kc3 55. f5 Kb2 56. f6 Kxa1 57. f7 Kb1 58. f8=Q a1=Q 59.
Qf1+ Kb2 60. Qxa1+ Kxa1 61. Kf4 Kb2 62. Kg5 Kc3 63. Kxh5 Kd4 64. Kg6 1-0

[Event "Østlandsserien 3D"]
[Site "Festsalen, Åsgård, Ås"]
[Date "1994.12.04"]
[Round "2.1"]
[White "Furnes, Harald"]
[Black "Bjørgvik, Jan Arne"]
[Result "1-0"]
[WhiteElo "1584"]
[BlackElo "1738"]
[PlyCount "91"]
[EventDate "1994.11.13"]
[WhiteTeam "Ås 1"]
[BlackTeam "Moss 2"]

1. d4 d5 2. c4 e6 3. Nf3 Nf6 4. Nc3 Bb4 5. e3 O-O 6. Bd2 Re8 7. a3 Bxc3 8. Bxc3
Ne4 9. Bd3 Nxc3 10. bxc3 Nd7 11. Qc2 h6 12. O-O dxc4 13. Bxc4 Qf6 14. Rab1 c6
15. Rb2 b5 16. Be2 a6 17. c4 Nb8 $2 18. a4 bxa4 19. Qxa4 Bd7 20. Ne5 Qd8 21.
Rb7 f6 22. Nxd7 Nxd7 23. Qxc6 Nf8 24. Ra1 a5 25. c5 Rc8 26. Qb5 Ra8 27. g3 e5
28. d5 f5 29. c6 f4 30. e4 Qg5 31. Rxa5 fxg3 32. hxg3 Qd2 33. Raa7 Rxa7 34.
Rxa7 Ng6 35. c7 Rf8 36. Ra1 Qd4 37. Rf1 Qxe4 38. Bd3 Qg4 39. Bxg6 Qxg6 40. Qd7
Qa6 41. Rc1 Qe2 42. Rf1 Qa6 43. d6 e4 44. Qe6+ Kh8 45. Qe7 Rf3 46. Qe8+ 1-0

[Event "Østlandsserien 3D"]
[Site "Festsalen, Åsgård, Ås"]
[Date "1994.12.04"]
[Round "2.2"]
[White "Stene, Sigurd"]
[Black "Tømte, Aksel"]
[Result "0-1"]
[WhiteElo "1537"]
[BlackElo "1491"]
[PlyCount "50"]
[EventDate "1994.11.13"]
[WhiteTeam "Moss 2"]
[BlackTeam "Ås 1"]

1. d4 Nf6 2. Nc3 d5 3. e4 dxe4 4. f3 e5 5. d5 exf3 6. Nxf3 Bb4 7. Bc4 Bg4 8.
O-O Bxc3 9. bxc3 O-O 10. h3 Bxf3 11. Qxf3 Qd6 12. Kh1 c5 13. dxc6 Qxc6 14. Bb3
Qxf3 15. Rxf3 Nbd7 16. Ba3 Rfe8 17. g4 h6 18. Raf1 e4 19. Re3 a5 20. Rd1 b5 21.
Kg2 a4 22. Bd5 Nxd5 23. Rxd5 Nb6 24. Rxb5 Nc4 25. Bc5 Re5 0-1

[Event "Østlandsserien 3D"]
[Site "Sarpsborg"]
[Date "1994.12.04"]
[Round "3"]
[White "Lea, Per"]
[Black "Brøndbo, Ivar"]
[Result "1-0"]
[WhiteElo "1580"]
[BlackElo "1716"]
[PlyCount "80"]
[EventDate "1994.11.13"]
[WhiteTeam "Ås 2"]
[BlackTeam "Sarpsborg 3"]

1. e4 c5 2. Nf3 d6 3. d4 cxd4 4. Nxd4 Nf6 5. Nc3 a6 6. Bg5 e6 7. f4 Be7 8. Qf3
Qc7 9. O-O-O O-O 10. Bd3 Nbd7 11. g4 Rb8 12. h4 b5 13. h5 Bb7 14. Bxf6 Bxf6 15.
Nce2 Qb6 16. Nb3 h6 17. Rdg1 Rfc8 18. g5 hxg5 19. fxg5 Ne5 20. Qh3 Nxd3+ 21.
Qxd3 Be5 22. Rh4 Rc4 23. Rhg4 Rbc8 24. c3 b4 25. Nd2 R4c7 26. g6 bxc3 27. gxf7+
Rxf7 28. Nxc3 Rfc7 29. Ndb1 Rf8 30. h6 Rf2 31. Nd2 Rh2 32. hxg7 Bxg7 33. Rxg7+
Rxg7 34. Rxg7+ Kh8 35. Qg3 Rh1+ 36. Kc2 Qd8 37. Rxb7 Qf8 38. Qg2 Rh6 39. Nf3 d5
40. exd5 exd5 1-0

[Event "Østlandsserien 3D"]
[Site "Holstad skole"]
[Date "1995.01.22"]
[Round "4.2"]
[White "Sondresen, Per"]
[Black "Lea, Per"]
[Result "1-0"]
[WhiteElo "1818"]
[BlackElo "1601"]
[PlyCount "63"]
[EventDate "1994.11.13"]
[WhiteTeam "Ski 1"]
[BlackTeam "Ås 2"]

1. e4 e5 2. Nf3 Nc6 3. Bc4 Nf6 4. d3 Bc5 5. O-O d6 6. h3 Be6 7. Bb3 Qd7 8. Bxe6
Qxe6 9. c3 Qe7 10. b4 Bb6 11. a4 a6 12. Qb3 O-O 13. Be3 Bxe3 14. fxe3 b5 15.
axb5 axb5 16. Nbd2 Rfd8 17. c4 Rab8 18. cxb5 Rxb5 19. Qc4 Rb6 20. b5 Nb8 21.
Ra7 Rc8 22. Rc1 Ne8 23. Qa4 d5 24. exd5 Nd6 25. Nc4 Nxc4 26. Rxc4 f6 27. e4 Qd7
28. Rc5 h6 29. Qc4 Kh7 30. Nh4 Kh8 31. Ng6+ Kh7 32. Raxc7 1-0

[Event "Østlandsserien 3D"]
[Site "Festsalen, Åsgård, Ås"]
[Date "1995.01.21"]
[Round "3.3"]
[White "Pedersen, Erik Lind"]
[Black "Brennvall, Jon Eirik"]
[Result "0-1"]
[WhiteElo "1421"]
[BlackElo "1594"]
[PlyCount "70"]
[EventDate "1994.11.13"]
[WhiteTeam "Moss 2"]
[BlackTeam "Ås 1"]

1. c4 e5 2. Nc3 Nf6 3. g3 c6 4. Bg2 d5 5. cxd5 cxd5 6. d3 Be6 7. Nf3 Nc6 8. e3
Qd7 9. O-O h5 10. Ng5 Bg4 11. Qb3 Be7 12. e4 Nd4 13. Qa4 Qxa4 14. Nxa4 Nc2 15.
Bd2 Nxa1 16. Rxa1 d4 17. b3 Nh7 18. Nxh7 Rxh7 19. Rc1 b6 20. Nb2 h4 21. Nc4 f6
22. f3 Be6 23. g4 b5 24. Na5 Rc8 25. Rxc8+ Bxc8 26. b4 Kd7 27. a3 Kc7 28. h3
Be6 29. f4 Kb6 30. Bf3 Ba2 31. Bd1 Bb1 32. Be2 Bc2 33. Kf2 Rh8 34. Ke1 Rc8 35.
Kf2 Bb1 0-1

[Event "Østlandsserien 3D"]
[Site "Festsalen, Åsgård, Ås"]
[Date "1995.01.22"]
[Round "4.4"]
[White "Rangøy, Helge"]
[Black "Furnes, Torstein"]
[Result "0-1"]
[WhiteElo "1594"]
[BlackElo "1499"]
[PlyCount "62"]
[EventDate "1994.11.13"]
[WhiteTeam "Ski"]
[BlackTeam "Ås 2"]

1. e4 c5 2. Nf3 Nc6 3. d4 cxd4 4. Bc4 e6 5. O-O Bc5 6. Bg5 Nge7 7. c3 dxc3 8.
Nxc3 O-O 9. a3 a6 10. b4 Ba7 11. b5 axb5 12. Nxb5 Bc5 13. Qe2 b6 14. Rfd1 Ba6
15. a4 Bxb5 16. Bxb5 Qc7 17. Rac1 d5 18. Bxe7 Nxe7 19. exd5 Nxd5 20. Ne5 Rfd8
21. Nc6 Rd6 22. Qe4 Rxc6 23. Rxd5 exd5 24. Qxd5 Rc8 25. Re1 Rd6 26. Qf5 Rf6 27.
Qxc8+ Qxc8 28. Re8+ Qxe8 29. Bxe8 Rxf2 30. Bb5 Rb2+ 31. Kf1 Kf8 0-1

[Event "Østlandsserien 3D"]
[Site "Festsalen Åsgård, Ås"]
[Date "1995.02.20"]
[Round "5.3"]
[White "Steg, Hans Jørgen"]
[Black "Lea, Per"]
[Result "0-1"]
[WhiteElo "1549"]
[BlackElo "1601"]
[PlyCount "76"]
[EventDate "1994.11.13"]
[WhiteTeam "Sarpsborg 2"]
[BlackTeam "Ås 2"]

1. e4 e5 2. Nf3 Nc6 3. Bc4 Nf6 4. d3 Bc5 5. Bg5 d6 6. Nc3 h6 7. Bh4 Bg4 8. h3
Bh5 9. g4 g5 10. Bg3 Bg6 11. Qd2 Qd7 12. O-O-O O-O-O 13. Kb1 Na5 14. Bb3 Nxb3
15. axb3 a6 16. Rdf1 Bb4 17. Qe2 Qc6 18. Nd1 Nxe4 19. dxe4 Bxe4 20. Nxe5 dxe5
21. f3 Bg6 22. Be1 Rd2 23. Qc4 Qxc4 24. bxc4 Rxd1+ 25. Ka2 Rxe1 26. Rxe1 Bxe1
27. Rxe1 f6 28. Kb3 Re8 29. Rf1 Kd7 30. Rd1+ Ke6 31. Re1 f5 32. Kc3 Rd8 33. b3
e4 34. fxe4 fxe4 35. Rf1 Ke5 36. Rf2 Rd6 37. Rf1 e3 38. Re1 Kf4 0-1

[Event "Østlandsserien 3D"]
[Site "Festsalen, Åsgård, Ås"]
[Date "1995.03.12"]
[Round "7"]
[White "Lea, Per"]
[Black "Hovden, Hans"]
[Result "1/2-1/2"]
[WhiteElo "1601"]
[BlackElo "1639"]
[PlyCount "32"]
[EventDate "1994.11.13"]
[WhiteTeam "Ås 2"]
[BlackTeam "NKL 1"]

1. e4 e6 2. d4 d5 3. Nc3 Bb4 4. e5 Qd7 5. a3 Bxc3+ 6. bxc3 b6 7. f4 Ba6 8. Bxa6
Nxa6 9. Qe2 Nb8 10. Nf3 Nc6 11. c4 dxc4 12. Qxc4 Nge7 13. Qd3 Rd8 14. Bb2 Na5
15. O-O Qd5 16. Rfd1 Nc4 1/2-1/2

[Event "Østlandsserien 1994/1995, 3. div. D"]
[Site "Ås, Akershus NOR"]
[Date "1995.03.12"]
[Round "7"]
[White "Ådnøy, Hallvard Voll"]
[Black "Rangøy, Tormod"]
[Result "0-1"]
[WhiteElo "1393"]
[BlackElo "1762"]
[PlyCount "72"]
[WhiteTeam "Ås 2"]
[BlackTeam "Sarpsborg 3"]

1. d4 d5 2. c4 dxc4 3. e3 Nf6 4. Nf3 Bg4 5. Bxc4 e6 6. O-O Be7 7. b3 Nbd7 8.
Bb2 O-O 9. Nc3 c6 10. h3 Bh5 11. g4 Bg6 12. Qe2 Nb6 13. e4 Nxc4 14. bxc4 Nd7
15. Rfe1 Bb4 16. e5 Nb6 17. Red1 Bxc3 18. Bxc3 Na4 19. Bb4 Re8 20. Rac1 Qb6 21.
Bd6 c5 22. Nh4 cxd4 23. Nxg6 hxg6 24. c5 Qa5 25. Rxd4 Rac8 26. Rdc4 b5 27. cxb6
Rxc4 28. Rxc4 Nxb6 29. Rc5 Qa4 30. Qd2 Qe4 31. Qc2 Qe1+ 32. Kg2 Nd5 33. Kg3 g5
34. Qd3 Qg1+ 35. Kf3 Qh1+ 36. Kg3 Nf4 0-1

[Event "Østlandsserien 3D"]
[Site "Store sal, Ås Rådhus"]
[Date "1995.12.10"]
[Round "2.1"]
[White "Fjellengen, Bård"]
[Black "Lea, Per"]
[WhiteElo "1681"]
[BlackElo "1656"]
[PlyCount "92"]
[Result "0-1"]

1.d4 d5 2.Nf3 Nf6 3.Bf4 Bg4 4.Nbd2 e6 5.e3 c5 6.Bb5+ Nbd7 7.O-O a6
8.Be2 Be7 9.c4 O-O 10.h3 Bh5 11.Ne5 Bxe2 12.Qxe2 Nxe5 13.Bxe5 Bd6 14.
Bxd6 Qxd6 15.cxd5 cxd4 16.Nc4 d3 17.Qxd3 Qxd5 18.Qxd5 Nxd5 19.Rac1 b5
20.Ne5 Rac8 21.Nd3 Rfd8 22.Rxc8 Rxc8 23.Rc1 Rxc1+ 24.Nxc1 Kf8 25.Kf1
Ke7 26.Ke2 Kd6 27.Nd3 e5 28.f3 f5 29.Nf2 Nf6 30.g4 g6 31.Kd3 Kd5 32.
Kc3 e4 33.g5 Nd7 34.fxe4+ fxe4 35.Ng4 Ke6 36.Kd4 Kf5 37.Nf6 Nxf6 38.
gxf6 Kxf6 39.Kxe4 Ke6 40.Kf4 h6 41.b4 Kf6 42.e4 g5+ 43.Kg4 Kg6 44.Kf3
h5 45.Kg3 Kf6 46.h4 gxh4+
0-1

[Event "Østlandsserien 3D"]
[Site "Kulturhuset D6, Ås"]
[Date "1996.01.21"]
[Round "4.2"]
[White "Lea, Per"]
[Black "Olsen, Svein"]
[WhiteElo "1651"]
[BlackElo "1570"]
[Result "1/2-1/2"]
[PlyCount "87"]
1.e4 d6 2.d4 Nf6 3.Nc3 g6 4.Nf3 Bg7 5.Bc4 O-O 6.Bg5 Nc6 7.Qd2 a6 8.
Bh6 Bg4 9.Bxg7 Kxg7 10.Ng5 b5 11.Bxf7 Rxf7 12.f3 Bd7 13.Nxf7 Kxf7 14.
O-O Kg8 15.Rfe1 e5 16.dxe5 Nxe5 17.Nd5 c6 18.Nxf6+ Qxf6 19.b3 Nf7 20.
Rad1 Be6 21.Qd4 Qxd4+ 22.Rxd4 c5 23.Rd2 c4 24.Re3 a5 25.a3 cxb3 26.
cxb3 Rc8 27.Kf2 Kg7 28.Ke2 Rc1 29.Rd1 Rxd1 30.Kxd1 a4 31.bxa4 bxa4 32.
Rc3 Kf6 33.Kd2 h5 34.Kc2 g5 35.Kb2 Ke5 36.Rc7 g4 37.Re7 Kf6 38.Re8
gxf3 39.gxf3 Ng5 40.Rf8+ Bf7 41.Ra8 Bb3 42.Rf8+ Nf7 43.f4 h4 44.Rg8
1/2-1/2

[Event "NPSF Cup '91 Finale"]
[Site "Postsjakk"]
[Date "1994.03.04"]
[Round "?"]
[White "Lindhom, Eigil"]
[Black "Lea, Per"]
[Result "1-0"]
[WhiteElo "2021"]
[BlackElo "1768"]
[PlyCount "54"]
[EventDate "1993.09.15"]

1. e4 e5 2. Nf3 Nc6 3. Bb5 a6 4. Ba4 Nf6 5. O-O Be7 6. Re1 b5 7. Bb3 O-O 8. a4
Bb7 9. d3 d6 10. Nc3 Na5 11. Ba2 b4 12. Ne2 c5 13. c3 bxc3 14. bxc3 c4 15. Ng3
Nd7 16. d4 exd4 17. cxd4 d5 18. Rb1 dxe4 19. Nxe4 Nf6 20. Nxf6+ Bxf6 21. Bd2
Bxf3 22. Qxf3 Bxd4 23. Bb4 Qc7 24. Qd5 Ba7 25. Re2 Rfe8 26. Rxe8+ Rxe8 27. Bxa5
Bxf2+ 1-0

[Event "NPSF Cup '91 Finale"]
[Site "Postsjakk"]
[Date "1994.07.06"]
[Round "?"]
[White "Lea, Per"]
[Black "KjÃ¦rstad, Eivind J"]
[Result "0-1"]
[WhiteElo "1768"]
[BlackElo "2191"]
[PlyCount "70"]
[EventDate "1993.09.15"]

1. e4 e5 2. Nf3 f5 3. Nxe5 Qf6 4. d4 d6 5. Nc4 fxe4 6. Be2 d5 7. Ne3 c6 8. c4
Bb4+ 9. Bd2 Bxd2+ 10. Qxd2 Ne7 11. Nc3 Be6 12. O-O Qf4 13. Rad1 Qd6 14. f3 exf3
15. Bxf3 O-O 16. cxd5 cxd5 17. Nb5 Qd7 18. Qa5 b6 19. Qa3 Nbc6 20. Qb3 Rac8 21.
Nc3 Rf4 22. Ncxd5 Nxd4 23. Nxe7+ Qxe7 24. Nd5 Qc5 25. Qe3 Nxf3+ 26. Kh1 Qxe3
27. Nxe3 Bxa2 28. Ra1 Bb3 29. gxf3 a5 30. Kg2 Rd4 31. Rf2 g6 32. Re1 a4 33. f4
Re8 34. Ree2 Rde4 35. Kf3 b5 0-1

[Event "NPSF Cup '91 Finale"]
[Site "Postsjakk"]
[Date "1994.04.11"]
[Round "?"]
[White "Johansen, John Martin"]
[Black "Lea, Per"]
[Result "1/2-1/2"]
[WhiteElo "1883"]
[BlackElo "1768"]
[EventDate "1993.09.15"]
[PlyCount "64"]
1.e4 e5 2.Nf3 Nc6 3.Bc4 Nf6 4.Ng5 Bc5 5.Bxf7+ Ke7 6.Bb3 Rf8 7.d3 d6
8.O-O h6 9.Nf3 Bg4 10.Be3 Qe8 11.Bxc5 dxc5 12.Nbd2 Nd4 13.h3 Qh5 14.
Re1 Nxf3+ 15.Nxf3 Bxf3 16.Qxf3 Qxf3 17.gxf3 Nh7 18.Re3 Ng5 19.Kg2 Rf4
20.Rg1 Raf8 21.Kf1 Rh4 22.Rg4 Rxh3 23.Kg2 Rh5 24.a4 Rf4 25.Rxf4 exf4
26.Re1 Rh2+ 27.Kxh2 Nxf3+ 28.Kh3 Nxe1 29.Kg4 g5 30.e5 c4 31.Bxc4 Nxc2
32.Kf5 c6
1/2-1/2

[Event "NPSF Cup '91 Finale"]
[Site "Postsjakk"]
[Date "1994.06.28"]
[Round "?"]
[White "Lea, Per"]
[Black "Kristiansen, Per Robert"]
[Result "1/2-1/2"]
[WhiteElo "1768"]
[BlackElo "1865"]
[EventDate "1993.09.15"]
[PlyCount "75"]
1.e4 c5 2.Nf3 e6 3.d4 cxd4 4.Nxd4 Nc6 5.Nc3 d6 6.Bc4 Nf6 7.Be3 Be7
8.Qe2 O-O 9.O-O-O a6 10.Bb3 Qc7 11.g4 Nd7 12.h4 Nc5 13.g5 b5 14.f3
Bd7 15.h5 b4 16.Nb1 Nxd4 17.Rxd4 Nxb3+ 18.axb3 Bb5 19.Qg2 a5 20.g6
Rfc8 21.h6 fxg6 22.Rd2 gxh6 23.Qh3 Qd7 24.Qxh6 Bf8 25.Qg5 a4 26.bxa4
Bxa4 27.Rdh2 Qc6 28.c3 bxc3 29.Rxh7 cxb2+ 30.Kd2 Qc1+ 31.Ke2 Rc2+ 32.
Bd2 Rxd2+ 33.Nxd2 Bd1+ 34.Kf2 Qc5+ 35.Qxc5 dxc5 36.Rh8+ Kg7 37.R8h7+
Kg8 38.Rh8+
1/2-1/2

[Event "NPSF Cup '91 Finale"]
[Site "Postsjakk"]
[Date "1994.06.20"]
[Round "?"]
[White "Bjerkhaug, Rolf"]
[Black "Lea, Per"]
[Result "1/2-1/2"]
[WhiteElo "2118"]
[BlackElo "1768"]
[EventDate "1993.09.15"]
[PlyCount "60"]
1.c4 e6 2.Nf3 Nf6 3.Nc3 d5 4.g3 Be7 5.cxd5 exd5 6.d4 O-O 7.Bg2 c6 8.
O-O Nbd7 9.Qc2 a6 10.Nd2 Re8 11.Rd1 Bb4 12.e4 dxe4 13.Ndxe4 Nxe4 14.
Nxe4 Nf6 15.Bg5 Be7 16.Bxf6 Bxf6 17.d5 cxd5 18.Rxd5 Qe7 19.Rc1 Be6 20.
Rc5 Bd4 21.Ng5 g6 22.Nxe6 Qxe6 23.Rc4 Qf6 24.b3 Rab8 25.Rc7 Re7 26.
Rxb7 Rexb7 27.Bxb7 Qxf2+ 28.Qxf2 Bxf2+ 29.Kxf2 Rxb7 30.g4 a5
1/2-1/2

[Event "NPSF Cup '91 Finale"]
[Site "Postsjakk"]
[Date "1994.05.09"]
[Round "?"]
[White "Klausen, Tor-Arne"]
[Black "Lea, Per"]
[Result "1/2-1/2"]
[WhiteElo "2189"]
[BlackElo "1768"]
[EventDate "1993.09.15"]
[PlyCount "57"]
1.d4 d5 2.c4 e6 3.Nc3 Nf6 4.Bg5 Be7 5.e3 O-O 6.Nf3 Nbd7 7.Rc1 c6 8.
Qc2 Ne4 9.Bf4 f5 10.h3 Ndf6 11.Bd3 Qe8 12.O-O h6 13.Bh2 Qh5 14.Ne5
Nd7 15.Ne2 Nxe5 16.Bxe5 Bd7 17.f3 Nf6 18.Nf4 Qf7 19.Qf2 Rac8 20.Qg3
g5 21.c5 Kh7 22.Ne2 Nh5 23.Qe1 Bf6 24.Bxf6 Nxf6 25.e4 Kh8 26.e5 Nh7
27.g4 f4 28.Kh2 Kg7 29.h4
1/2-1/2

[Event "Simultan Ski Sjakk"]
[Site "Ski, Akershus NOR"]
[Date "2019.04.02"]
[Round "?"]
[White "Furnes, Torstein"]
[Black "Tari, Aryan"]
[Result "0-1"]
[WhiteElo "1766"]
[BlackElo "2615"]
[Annotator "Furnes, Torstein"]
[PlyCount "55"]
[EventDate "2019.??.??"]

{2. april 2019 ble GM Aryan Tari (juniorverdensmesteren fra 2017 !) invitert
til Ski Sjakk. Etter undervisning ble det klokkesimultan. Hvit startet med 20
minutter, svart med 15 minutter.} 1. d4 Nf6 2. c4 g6 3. Nc3 d5 {Tari velger
den hypermoderne Grünfeld-åpningen.} 4. cxd5 Nxd5 5. e4 Nxc3 6. bxc3 Bg7 7. Nf3
{Ulempen med Sf3 er at svart får en binding med Lg4. Teorien anbefalte lenge
at hvit heller spiller Lc4, Se2, 0-0 og f4-f5 med angrep på kongefløyen.
Imidlertid har det i de senere årene vist seg at Sf3 er spillbart. Sf3 er det
mest spilte trekket hos ChessBase.} c5 8. Bb5+ (8. Rb1 {er mye vanligere, og
er det trekket som har størst vinstprosent for hvit hos ChessBase.}) 8... Nc6
9. O-O O-O ({I partiet mot L'Ami (2605) i 2017 spilte Tari} 9... cxd4 10. cxd4
O-O 11. Be3 Bg4 12. Bxc6 bxc6 13. Rc1 Qa5 14. Qe2 Rfd8 15. Qc4 Qb5 16. a4 Qxc4
17. Rxc4 Rab8 18. Rfc1 Bd7 19. Ne5 Be8 20. f3 Rb3 21. Kf2 {og det ble
etterhvert remis}) 10. Be3 cxd4 11. cxd4 Bg4 12. Bxc6 bxc6 13. Rc1 Rc8 14. Rc4
Qa5 15. Qc2 {Etter dette trekket finnes det ikke lenger noen partier hos
ChessBase med samme stilling.} Bxf3 16. gxf3 f5 {Nå viser evalueringen til
Fritz 11 en hvitfordel på litt over 1 !} 17. Rc5 ({Fritz ønsker heller å spille
} 17. d5) 17... Qc7 {Fritz-evalueringen er nå oppe på 1.4, det høyeste hvit
oppnår i dette partiet.} 18. Qc4+ ({Igjen sier Fritz at hvit må spille} 18. d5)
18... Kh8 19. d5 fxe4 20. fxe4 (20. Rxc6 Qd7 21. Qxe4 {er bedre.}) 20... cxd5
21. exd5 $6 {For første gang i partiet angir Fritz11-vurderingen svart fordel.}
(21. Qxd5 {er bedre.}) 21... Qd7 22. Rc1 Rxc5 23. Qxc5 Qg4+ 24. Kf1 Qe4 25. a4
h5 26. a5 a6 27. Rc4 Qf3 28. Bd4 {Det ble spilt noen få trekk til før hvit
tapte på tid.} ({Etter} 28. Qxe7 {viser Fritz-evalueringen 0.00 og Fritz
anbefaler svart å ta evigsjakk, men jeg tror nok ikke Tari ville valgt den
løsningen...}) 0-1

[Event "Klokkesimultan, 45 minutter"]
[Site "Ås, Akershus NOR"]
[Date "2016.05.19"]
[Round "?"]
[White "Furnes, Torstein"]
[Black "Hansen, Torbjørn Ringdal"]
[Result "1/2-1/2"]
[WhiteElo "1644"]
[BlackElo "2455"]
[Annotator "Furnes, Torstein"]
[PlyCount "71"]
[EventDate "2016.05.19"]

1. d4 Nf6 2. c4 g6 3. Nc3 Bg7 4. e4 d6 5. Nf3 O-O 6. Be2 e5 7. O-O Nc6 8. d5
Ne7 9. Bg5 {Mye vanligere er 9.Se1 eller 9.b4. TRH sa ettter partiet at 9.Lg5
er en spennende variant, for noen ganger svekkes g6 etter at svart har spilt
h6.} h6 10. Bd2 Ne8 11. b4 f5 12. a4 {Etter dette trekket er vi nå på "upløyd
mark". Stillingen finnes ihvertfall ikke lenger i chessbase sine databaser.}
Nf6 13. Bd3 f4 14. c5 g5 15. Rc1 Ng6 16. Nb5 g4 17. Ne1 a6 18. Na3 h5 19. b5 h4
20. Bb4 $6 {I partiets første 19 trekk har Fritz11-vurderingen faktisk hele
tiden angitt varierende grad av hvit fordel. Men etter 20.Lb4?! angir
evalueringen for første gang svart fordel. TRH sa etter partiet at han syntes
han fikk litt for frie tøyler på kongefløyen, og at jeg ikke var rask nok til
å åpne opp på motsatt side av brettet. Svart får nå et livsfarlig angrep.} a5
21. Bd2 g3 22. hxg3 hxg3 23. fxg3 Ng4 24. gxf4 $2 (24. Be2) 24... Nxf4 25. Be2
Qh4 26. Bxg4 $4 $19 ({Hvits eneste forsvar er} 26. Bxf4 Rxf4 27. Bxg4 Rxf1+ 28.
Kxf1 Bxg4 29. Nf3 Rf8 $17) 26... Bxg4 27. Nf3 Qg3 $14 ({Fritz har her funnet
et vakkert offer som avgjør partiet raskt:} 27... Nh3+ $3 $19 28. gxh3 (28. Kh2
Bxf3 29. gxf3 (29. Rxf3 Ng5+ 30. Kg1 Nxf3+ 31. gxf3 Qg3+ 32. Kf1 Rxf3+ 33. Qxf3
Qxf3+) 29... Nf4+ 30. Kg1 Qg3+ 31. Kh1 Qg2#) (28. Kh1 Bxf3 29. Rxf3 Rxf3 30.
Qxf3 (30. gxf3 Nf4+ 31. Kg1 Qg3+ 32. Kf1 Qg2+ 33. Ke1 Nd3#) 30... Ng5+) 28...
Qg3+ 29. Kh1 Rxf3) 28. Bxf4 exf4 29. cxd6 cxd6 30. Nc4 Rf6 31. Nb6 Re8 32. Rc7
$2 $19 (32. Qe1 $11) 32... Rh6 33. Rxb7 Rh2 $2 $18 {TRH begynner å få tidsnød
i flere av simultan-partiene, og gjør en feil som mister offiser.} (33... Rxe4
$19) 34. Rxg7+ $1 Kxg7 35. Qd4+ Re5 36. Nxh2 {Her har jeg 28 sekunder igjen
til å utføre resten av trekkene i partiet, mens svart har ca. 10 minutter. Det
blir ikke gitt noen bonustid etter hvert trekk. Jeg foreslår derfor remis, og
svart tar imot. Og jeg er godt fornøyd med min første remis mot en stormester !
} 1/2-1/2

[Event "Klokkesimultan, 45 minutter"]
[Site "Ås, Akershus NOR"]
[Date "2016.05.19"]
[Round "?"]
[White "Kielland-Lund, Jon"]
[Black "Hansen, Torbjørn Ringdal"]
[Result "0-1"]
[WhiteElo "1500"]
[BlackElo "2455"]
[Annotator "Kielland-Lund,Jon"]
[PlyCount "92"]
[EventDate "2016.05.19"]

1. c4 g6 2. Nc3 Bg7 3. d4 Nf6 4. e4 d6 5. Nf3 O-O 6. Be2 e5 7. dxe5 dxe5 8.
Qxd8 Rxd8 9. Bg5 Rf8 10. Nd5 Nxd5 11. cxd5 c6 12. Bc4 b5 13. Bb3 Bb7 14. Rd1 $5
{Vanlig er Tc1} a5 15. a3 a4 16. Ba2 b4 $6 {En bukk} 17. Be7 b3 18. Bxf8 Kxf8
19. Bb1 (19. dxc6 {hindrer sorts sentrum}) 19... cxd5 20. exd5 Nd7 21. O-O f5
22. Ng5 $3 {Oppfinnsomt} Ke7 23. d6+ Ke8 24. Ne6 Bf6 25. Nc7+ Kd8 26. Nxa8 Bxa8
27. Rc1 $2 (27. Bd3 {gir stor fordel}) 27... e4 28. Rc4 Nb6 29. Rb4 Nd5 30.
Rxa4 $4 (30. Rb8+ {vinner offiser, nei og nei}) 30... Bc6 31. Ra7 Bxb2 32. Re1
Bc3 33. Rd1 h5 34. h4 Be5 35. d7 (35. Rxd5 {vinner offiser, nei og nei og nei})
35... Nc3 36. Re1 b2 37. Ra6 Bb5 38. Rxg6 Bd3 39. Bxd3 exd3 40. Rb6 d2 41. Rf1
d1=Q 42. Rxd1 Nxd1 43. Kf1 Nxf2 44. Rb5 Bd4 45. Ke2 Ne4 46. Kd3 Bf6 {Det gikk
noen trekk til i tidsnøden før jeg ga opp. TRH hadde 20 sekunder igjen.} 0-1

[Event "Klokkesimultan, 45 minutter"]
[Site "Ås, Akershus NOR"]
[Date "2016.05.19"]
[Round "?"]
[White "Fuglseth, Jan"]
[Black "Hansen, Torbjørn Ringdal"]
[Result "0-1"]
[WhiteElo "1478"]
[BlackElo "2455"]
[PlyCount "78"]
[EventDate "2016.05.19"]

1. c4 c5 2. Nc3 Nc6 3. g3 g6 4. Bg2 Bg7 5. Nf3 d6 6. e3 e5 7. d3 Nge7 8. O-O
O-O 9. Ne4 h6 10. Bd2 f5 11. Nc3 Be6 12. a3 a5 13. Nh4 g5 14. Nf3 f4 15. Ne4 g4
16. Nh4 f3 17. Bh1 Nf5 18. Nxf3 gxf3 19. Bxf3 Qe7 20. Nc3 Kh8 21. Nd5 Bxd5 22.
Bxd5 Qf6 23. e4 Nfd4 24. f4 exf4 25. Bxf4 Ne5 26. Bxe5 Qxe5 27. Qg4 Qg5 28.
Qxg5 hxg5 29. Kg2 Rab8 30. Rab1 Rxf1 31. Kxf1 b5 32. cxb5 Rxb5 33. b3 a4 34. b4
cxb4 35. axb4 a3 36. Bc4 Rb8 37. Ra1 Nc2 38. Ra2 Bb2 39. b5 Nb4 0-1

[Event "Klokkesimultan, 45 minutter"]
[Site "Ås, Akershus NOR"]
[Date "2016.05.19"]
[Round "?"]
[White "Ruud, Kjetil"]
[Black "Hansen, Torbjørn Ringdal"]
[Result "0-1"]
[WhiteElo "1434"]
[BlackElo "2455"]
[PlyCount "35"]
[EventDate "2016.05.19"]

1. e4 c5 2. b4 cxb4 3. Nf3 d6 4. d4 Nf6 5. Bd3 e6 6. a3 bxa3 7. Nxa3 Nc6 8. c3
Be7 9. Nc2 O-O 10. h4 e5 11. Ne3 exd4 12. cxd4 h6 13. g4 d5 14. e5 Ne4 15. Nf5
Nb4 16. Nxe7+ Qxe7 17. Ba3 Bxg4 18. Ke2 {og hvit ga opp før svart rakk å gafle
dronninga med 18...Nc3+} 0-1

[Event "Klokkesimultan, 45 minutter"]
[Site "Ås, Akershus NOR"]
[Date "2016.05.19"]
[Round "?"]
[White "Olsen, Trygve"]
[Black "Hansen, Torbjørn Ringdal"]
[Result "0-1"]
[WhiteElo "1276"]
[BlackElo "2455"]
[PlyCount "79"]
[EventDate "2016.05.19"]

1. f4 Nf6 2. d4 d6 3. Nf3 g6 4. e3 Bg7 5. c3 O-O 6. Bd3 Nc6 7. O-O e5 8. e4
exd4 9. cxd4 Bg4 10. Be3 Re8 11. Nc3 Nb4 12. a3 Nxd3 13. Qxd3 Nxe4 14. Nxe4 Bf5
15. Nfg5 d5 16. Qb3 Bxe4 17. Rac1 b6 18. Rc6 Qd7 19. Rfc1 Rac8 20. h3 h6 21.
Nxe4 Rxe4 22. Kh2 a5 23. Qd3 Re6 24. Rxe6 Qxe6 25. Re1 Re8 26. Bf2 Qd7 27.
Rxe8+ Qxe8 28. Qc3 Qd7 29. Be3 c6 30. b4 axb4 31. axb4 Qe6 32. Qd3 Qe4 33. Qxe4
dxe4 34. g4 f5 35. gxf5 gxf5 36. Kg2 Kf7 37. Kf2 Ke6 38. d5+ Kxd5 39. Bxb6 Bd4+
40. Bxd4 {Hvit ga opp, da svart vinner bondesluttspillet med en merbonde.} 0-1